[Event "Uljanovsk op"]
[Site "Uljanovsk"]
[Date "2010.02.06"]
[Round "1"]
[White "Chernova, Anastasia"]
[Black "Kashicin, Alexander"]
[Result "1/2-1/2"]
[WhiteElo "2217"]
[BlackElo "1916"]
[PlyCount "65"]
[EventDate "2010.02.06"]
[EventType "swiss"]
[EventRounds "9"]
[EventCountry "RUS"]
[SourceTitle "CBM 134 Extra"]
[Source "ChessBase"]
[SourceDate "2010.03.03"]
[SourceVersion "1"]
[SourceVersionDate "2010.03.03"]
[SourceQuality "1"]

1. Nf3 c6 2. g3 d5 3. Bg2 Bf5 4. 0-0 h6 5. c4 e6 6. d4 Nf6 7. Nc3 Be7 8. Re1 Nbd7 9. Nd2 0-0 10. b3 Re8 11. Bb2 Rc8 12. e4 dxe4 13. Ndxe4 Nxe4 14. Nxe4 Nf6 15. Nc3 Qc7 16. d5 exd5 17. cxd5 cxd5 18. Nxd5 Nxd5 19. Qxd5 Qc2 20. Bd4 b6 21. Re5 Rcd8 22. Qc6 Qxc6 23. Bxc6 Bd7 24. Bf3 Be6 25. Bb2 Rd2 26. Re2 Rxb2 27. Rxb2 Bf6 28. Rbb1 Kf8 29. Kg2 Ke7 30. b4 Rc8 31. a4 Bxa1 32. Rxa1 Rc4 33. Rb1 1/2-1/2

[Event "Vladimir op-A"]
[Site "Vladimir"]
[Date "2009.08.22"]
[Round "4"]
[White "Kashtanov, Ruslan"]
[Black "Chernova, Anastasia"]
[Result "0-1"]
[WhiteElo "2345"]
[BlackElo "2193"]
[PlyCount "58"]
[EventDate "2009.08.19"]
[EventType "swiss"]
[EventRounds "9"]
[EventCountry "RUS"]
[SourceTitle "EXT 2010"]
[Source "ChessBase"]
[SourceDate "2010.11.25"]
[SourceVersion "1"]
[SourceVersionDate "2010.11.25"]
[SourceQuality "1"]

1. e4 c6 2. c4 d5 3. cxd5 cxd5 4. exd5 Nf6 5. Nc3 Nxd5 6. Nf3 Nxc3 7. bxc3 g6 8. h4 Bg7 9. h5 Nc6 10. d4 Qc7 11. Be3 Bg4 12. Be2 Bxh5 13. Rb1 a6 14. Kf1 0-0 15. Rxh5 gxh5 16. Qd3 Qd6 17. Ng5 Qg6 18. Qd1 h6 19. Bd3 Qd6 20. Qxh5 e5 21. Rxb7 Nd8 22. Rb4 a5 23. Rb5 exd4 24. cxd4 Rc8 25. Ne4 Qa3 26. Ke2 Qxa2+ 27. Nd2 Re8 28. Rxa5 Qb2 29. Ra7 Qxd4 0-1

[Event "Uljanovsk Privolje op"]
[Site "Uljanovsk"]
[Date "2009.02.05"]
[Round "9"]
[White "Kuznetsova, Olga1111"]
[Black "Chernova, Anastasia"]
[Result "0-1"]
[WhiteElo "2149"]
[BlackElo "2193"]
[PlyCount "110"]
[EventDate "2009.01.31"]
[EventType "swiss"]
[EventRounds "9"]
[EventCountry "RUS"]
[SourceTitle "EXT 2022"]
[Source "ChessBase"]
[SourceDate "2021.10.06"]
[SourceVersion "1"]
[SourceVersionDate "2021.10.06"]
[SourceQuality "1"]

1. c4 e6 2. Nf3 Nf6 3. b3 Be7 4. g3 0-0 5. Bg2 d5 6. 0-0 c6 7. Bb2 Nbd7 8. d4 Re8 9. Nbd2 Bd6 10. Ne5 Nf8 11. e4 Qc7 12. Rc1 dxe4 13. Nxe4 Nxe4 14. Bxe4 Rb8 15. Qe2 Bxe5 16. dxe5 c5 17. Rcd1 b6 18. Rd6 Bb7 19. Bxb7 Rxb7 20. Rfd1 Re7 21. Bc1 Rd7 22. h4 Rxd6 23. exd6 Qc6 24. h5 Rd7 25. Qd3 e5 26. h6 Ne6 27. Qd5 Qxd5 28. Rxd5 f6 29. hxg7 Kxg7 30. f4 exf4 31. gxf4 Nd4 32. Be3 Ne2+ 33. Kg2 Nc3 34. Rd3 Ne4 35. Kf3 f5 36. b4 cxb4 37. Rd5 Kg6 38. c5 bxc5 39. Bxc5 Nxc5 40. Rxc5 Rxd6 41. Rb5 Rd3+ 42. Ke2 Ra3 43. Rxb4 Kh5 44. Rb7 Kg4 45. Rxh7 Kxf4 46. Rc7 Rxa2+ 47. Kf1 a5 48. Rc4+ Kf3 49. Rc3+ Kg4 50. Kg1 f4 51. Kf1 a4 52. Kg1 a3 53. Rb3 Ra1+ 54. Kh2 a2 55. Ra3 f3 0-1

[Event "Privolzhskogo FO-ch"]
[Site "Kazan"]
[Date "2009.01.25"]
[Round "5"]
[White "Chernova, Anastasia"]
[Black "Kanter, Eduard"]
[Result "0-1"]
[WhiteElo "2193"]
[BlackElo "2366"]
[PlyCount "62"]
[EventDate "2009.01.21"]
[EventType "swiss"]
[EventRounds "9"]
[EventCountry "RUS"]
[SourceTitle "EXT 2010"]
[Source "ChessBase"]
[SourceDate "2010.11.25"]
[SourceVersion "1"]
[SourceVersionDate "2010.11.25"]
[SourceQuality "1"]

1. c4 Nf6 2. Nf3 g6 3. g3 Bg7 4. Bg2 0-0 5. 0-0 d5 6. cxd5 Nxd5 7. Nc3 Nb6 8. b3 Nc6 9. Bb2 e5 10. d3 Re8 11. Nd2 Nd4 12. Nc4 c6 13. Ne4 Bg4 14. Re1 f5 15. Ned6 Nxc4 16. Nxc4 e4 17. Qd2 exd3 18. exd3 Qd7 19. Rxe8+ Rxe8 20. Re1 Rxe1+ 21. Qxe1 Ne2+ 22. Kh1 Qxd3 23. Bxg7 Kxg7 24. Ne5 Qc3 25. Qxc3 Nxc3 26. Nxg4 fxg4 27. a4 a5 28. f3 b5 29. axb5 cxb5 30. fxg4 a4 31. bxa4 bxa4 0-1

[Event "Nezhmetdinov Memorial 30th"]
[Site "Kazan"]
[Date "2008.06.09"]
[Round "9"]
[White "Chernova, Anastasia"]
[Black "Filipenko, Alexander V"]
[Result "0-1"]
[WhiteElo "2195"]
[BlackElo "2341"]
[PlyCount "66"]
[EventDate "2008.06.01"]
[EventType "swiss"]
[EventRounds "9"]
[EventCountry "RUS"]
[SourceTitle "EXT 2009"]
[Source "ChessBase"]
[SourceDate "2008.11.26"]
[SourceVersion "1"]
[SourceVersionDate "2008.11.26"]
[SourceQuality "1"]

1. c4 c6 2. Nf3 d5 3. e3 Nf6 4. Nc3 e6 5. b3 Nbd7 6. Bb2 Bd6 7. Qc2 0-0 8. Rg1 e5 9. cxd5 Nxd5 10. Ne4 Bc7 11. Ba3 Re8 12. g4 N7f6 13. h3 a5 14. Nfg5 Nxe4 15. Nxe4 Be6 16. Bc4 b5 17. Be2 Nb4 18. Qc3 Bd5 19. Nc5 e4 20. d4 exd3 21. Nxd3 Nxd3+ 22. Qxd3 Bh2 23. Rf1 Bg2 24. 0-0-0 Bxf1 25. Rxf1 Qf6 26. Bb2 Be5 27. Bxe5 Qxe5 28. Rd1 a4 29. Qd4 axb3 30. Qxe5 Rxe5 31. axb3 Ra1+ 32. Kb2 Rxd1 33. Bxd1 Kf8 0-1

[Event "Uljanovsk op"]
[Site "Uljanovsk"]
[Date "2008.02.05"]
[Round "8"]
[White "Chernova, Anastasia"]
[Black "Kudriashov, Anatoli"]
[Result "1/2-1/2"]
[WhiteElo "2185"]
[BlackElo "2297"]
[PlyCount "101"]
[EventDate "2008.02.01"]
[EventType "swiss"]
[EventRounds "9"]
[EventCountry "RUS"]
[SourceTitle "EXT 2009"]
[Source "ChessBase"]
[SourceDate "2008.11.26"]
[SourceVersion "1"]
[SourceVersionDate "2008.11.26"]
[SourceQuality "1"]

1. c4 g6 2. Nc3 Bg7 3. g3 Nf6 4. Bg2 0-0 5. d3 d6 6. Nf3 c5 7. 0-0 Nc6 8. Rb1 Bd7 9. Ne1 Qc8 10. a3 Bh3 11. b4 b6 12. bxc5 dxc5 13. Bb2 Rd8 14. Qa4 Bxg2 15. Nxg2 Nd4 16. Rfe1 Bh6 17. Bc1 Qh3 18. f3 Bxc1 19. Rbxc1 Qd7 20. Qxd7 Rxd7 21. Nf4 e6 22. Kf2 g5 23. Ng2 Kg7 24. Ne3 h5 25. a4 Rh8 26. h4 g4 27. f4 Rhd8 28. Nb5 Nc6 29. Nc3 Ne8 30. Ne4 f5 31. Nc3 Nc7 32. Nb5 Na6 33. Red1 Nab4 34. Ra1 Rf8 35. Nc3 Nd4 36. Rab1 Ndc6 37. Ra1 a5 38. Rab1 Nd4 39. Rb2 Ndc6 40. Rbb1 Ne7 41. Kg2 Ng6 42. Rf1 Rdf7 43. Rb2 Re8 44. Nb5 Rd8 45. Nc3 Kf8 46. Rbb1 Ke8 47. Rb2 Kd7 48. Rbb1 Kc6 49. Rb2 Re8 50. Kg1 Ref8 51. Kg2 1/2-1/2

[Event "Uljanovsk op"]
[Site "Uljanovsk"]
[Date "2008.02.01"]
[Round "1"]
[White "Nikolaeva Ball, Eleonora"]
[Black "Chernova, Anastasia"]
[Result "0-1"]
[WhiteElo "1541"]
[BlackElo "2185"]
[PlyCount "34"]
[EventDate "2008.02.01"]
[EventType "swiss"]
[EventRounds "9"]
[EventCountry "RUS"]
[SourceTitle "EXT 2009"]
[Source "ChessBase"]
[SourceDate "2008.11.26"]
[SourceVersion "1"]
[SourceVersionDate "2008.11.26"]
[SourceQuality "1"]

1. e4 c6 2. c3 d5 3. e5 d4 4. Qf3 Be6 5. Bd3 g6 6. Be4 Bg7 7. Qg3 dxc3 8. bxc3 Nh6 9. d4 Nd7 10. Ne2 Nb6 11. Nd2 Bf5 12. Ba3 Bxe4 13. Nxe4 Nc4 14. Bc1 Nf5 15. Qh3 Qd5 16. Qd3 Nxe5 17. Nf4 Nxd3+ 0-1

[Event "RUS-ch (Women) 1st League 57th"]
[Site "Obninsk"]
[Date "2007.02.24"]
[Round "1"]
[White "Chernova, Anastasia"]
[Black "Artemenko, Rimma"]
[Result "1-0"]
[WhiteElo "2153"]
[BlackElo "1688"]
[PlyCount "59"]
[EventDate "2007.02.24"]
[EventType "swiss"]
[EventRounds "9"]
[EventCountry "RUS"]
[SourceTitle "EXT 2010"]
[Source "ChessBase"]
[SourceDate "2010.11.25"]
[SourceVersion "1"]
[SourceVersionDate "2010.11.25"]
[SourceQuality "1"]

1. c4 e5 2. g3 g6 3. Bg2 Bg7 4. Nc3 Nc6 5. d3 d6 6. Nf3 f5 7. 0-0 Nf6 8. Rb1 0-0 9. Bd2 Qe8 10. b4 Ne7 11. Qc1 c6 12. b5 Bd7 13. bxc6 Bxc6 14. Qa3 Qd7 15. c5 e4 16. Nd4 d5 17. Qb3 Kh8 18. Nxc6 bxc6 19. Bf4 d4 20. Na4 Ned5 21. Be5 Ne7 22. Qb7 Rfe8 23. Bxf6 Qd5 24. Bxe7 Qf7 25. Bd6 Qe6 26. Qb3 Qd7 27. Nb2 Be5 28. Nc4 Bf6 29. Qb7 Qe6 30. Qxc6 1-0

[Event "Muhamedzjanov Memorial"]
[Site "Kazan"]
[Date "2007.02.01"]
[Round "7"]
[White "Baharev, Vladimir"]
[Black "Chernova, Anastasia"]
[Result "1/2-1/2"]
[WhiteElo "2272"]
[BlackElo "2153"]
[PlyCount "50"]
[EventDate "2007.01.26"]
[EventType "swiss"]
[EventRounds "9"]
[EventCountry "RUS"]
[SourceTitle "EXT 2008"]
[Source "ChessBase"]
[SourceDate "2007.11.25"]
[SourceVersion "1"]
[SourceVersionDate "2007.11.25"]
[SourceQuality "1"]

1. d4 Nf6 2. c4 e6 3. Nf3 d5 4. Nc3 c6 5. e3 Bd6 6. Bd3 Nbd7 7. 0-0 0-0 8. e4 dxe4 9. Nxe4 Nxe4 10. Bxe4 h6 11. Bc2 Nf6 12. Qe2 Qc7 13. b3 b6 14. Bb2 Qe7 15. Ne5 Bb7 16. Rad1 Rad8 17. Rd3 c5 18. Rg3 cxd4 19. Bxd4 Bc5 20. Qe3 Kh8 21. Rxg7 Kxg7 22. Qg3+ Kh8 23. Qh4 Rxd4 24. Qxh6+ Kg8 25. Qg5+ Kh8 1/2-1/2

[Event "Muhamedzjanov Memorial"]
[Site "Kazan"]
[Date "2007.01.29"]
[Round "4"]
[White "Chernova, Anastasia"]
[Black "Mikheev, Stanislav Valerievi"]
[Result "1-0"]
[WhiteElo "2153"]
[BlackElo "2312"]
[PlyCount "93"]
[EventDate "2007.01.26"]
[EventType "swiss"]
[EventRounds "9"]
[EventCountry "RUS"]
[SourceTitle "EXT 2008"]
[Source "ChessBase"]
[SourceDate "2007.11.25"]
[SourceVersion "1"]
[SourceVersionDate "2007.11.25"]
[SourceQuality "1"]

1. d4 Nf6 2. c4 g6 3. Nf3 Bg7 4. g3 0-0 5. Bg2 d6 6. 0-0 Nbd7 7. Nc3 e5 8. dxe5 dxe5 9. Qc2 c6 10. Rd1 Re8 11. h3 Qc7 12. Be3 Nb6 13. b3 Bf5 14. Qb2 Ne4 15. Nxe4 Bxe4 16. Nh4 Bxg2 17. Nxg2 Rad8 18. Qa3 Nc8 19. Rac1 b6 20. Qb2 Ne7 21. Bd2 Nf5 22. Bc3 Nd4 23. Ne1 Qc8 24. e3 Nf5 25. Rxd8 Qxd8 26. Qc2 Qe7 27. Rd1 Rd8 28. Rxd8+ Qxd8 29. Qd3 Qe7 30. e4 Nd4 31. Bxd4 exd4 32. f4 g5 33. Qf3 gxf4 34. gxf4 Qa3 35. Qf2 Qc1 36. Kg2 Bh6 37. Nd3 Qc3 38. Qe2 Kf8 39. e5 Ke7 40. Kf3 a5 41. Ke4 c5 42. f5 f6 43. Kd5 Be3 44. Qh5 fxe5 45. Qxh7+ Kf6 46. Qg6+ Ke7 47. Qg2 1-0

[Event "St Petersburg Rudenko Memorial (Women)"]
[Site "St Petersburg"]
[Date "2006.09.30"]
[Round "5"]
[White "Komiagina, Maria"]
[Black "Chernova, Anastasia"]
[Result "1/2-1/2"]
[WhiteElo "2335"]
[BlackElo "2153"]
[PlyCount "96"]
[EventDate "2006.08.26"]
[EventType "swiss"]
[EventRounds "9"]
[EventCountry "RUS"]
[SourceTitle "CBM 113 Extra"]
[Source "ChessBase"]
[SourceDate "2006.09.14"]
[SourceVersion "1"]
[SourceVersionDate "2006.09.14"]
[SourceQuality "1"]

1. e4 c6 2. d4 d5 3. e5 Bf5 4. Be3 e6 5. Nd2 Nd7 6. f4 Nh6 7. Ngf3 Be7 8. g3 f6 9. h3 fxe5 10. dxe5 Bc5 11. Bxc5 Nxc5 12. Bg2 0-0 13. Nd4 Qb6 14. N2b3 Nxb3 15. axb3 c5 16. Ne2 Bg6 17. g4 c4 18. Rf1 cxb3 19. c3 Bc2 20. Qd2 a5 21. Nd4 a4 22. Ra3 Kh8 23. Qe3 Rfe8 24. Kd2 Bg6 25. f5 exf5 26. gxf5 Nf7 27. e6 Nd6 28. Bxd5 Qc5 29. Qf3 Bxf5 30. Kc1 Bd3 31. Nxb3 Qb5 32. Nd4 Qa6 33. Rg1 Bg6 34. h4 Rf8 35. Qd1 Qa5 36. Rg5 Qa6 37. Bf3 Ne4 38. Rxg6 hxg6 39. e7 Rxf3 40. Nxf3 Nd6 41. Ng5 Ne8 42. Qf3 Qf6 43. Qxb7 Qf1+ 44. Kc2 Qe2+ 45. Kc1 Qe1+ 46. Kc2 Qe2+ 47. Kb1 Qf1+ 48. Ka2 Qc4+ 1/2-1/2

[Event "St Petersburg Rudenko Memorial (Women)"]
[Site "St Petersburg"]
[Date "2006.09.29"]
[Round "4"]
[White "Chernova, Anastasia"]
[Black "Sokolova, Vera Evgenyevna"]
[Result "1/2-1/2"]
[WhiteElo "2153"]
[BlackElo "2021"]
[PlyCount "48"]
[EventDate "2006.08.26"]
[EventType "swiss"]
[EventRounds "9"]
[EventCountry "RUS"]
[SourceTitle "CBM 113 Extra"]
[Source "ChessBase"]
[SourceDate "2006.09.14"]
[SourceVersion "1"]
[SourceVersionDate "2006.09.14"]
[SourceQuality "1"]

1. Nf3 Nf6 2. d4 d5 3. c4 e6 4. Nc3 dxc4 5. g3 Nbd7 6. Bg2 c6 7. a4 Be7 8. 0-0 0-0 9. e4 a5 10. Qe2 b6 11. Rd1 Ba6 12. d5 cxd5 13. exd5 exd5 14. Nxd5 Nxd5 15. Rxd5 Bb7 16. Rd1 Bf6 17. Bf4 Qc8 18. Rac1 Re8 19. Be3 c3 20. Bh3 Bxf3 21. Qxf3 Ne5 22. Qg2 Qc4 23. bxc3 Rab8 24. Bd4 Qxa4 1/2-1/2

[Event "St Petersburg Rudenko Memorial (Women)"]
[Site "St Petersburg"]
[Date "2006.09.27"]
[Round "2"]
[White "Chernova, Anastasia"]
[Black "Borzova, Asya"]
[Result "1-0"]
[WhiteElo "2153"]
[BlackElo "1819"]
[PlyCount "61"]
[EventDate "2006.08.26"]
[EventType "swiss"]
[EventRounds "9"]
[EventCountry "RUS"]
[SourceTitle "CBM 113 Extra"]
[Source "ChessBase"]
[SourceDate "2006.09.14"]
[SourceVersion "1"]
[SourceVersionDate "2006.09.14"]
[SourceQuality "1"]

1. d4 d5 2. c4 c6 3. Nf3 Nf6 4. Nc3 e6 5. Qb3 Nbd7 6. Bg5 Be7 7. e3 0-0 8. Bd3 Re8 9. 0-0 b6 10. cxd5 exd5 11. Rfc1 Bb7 12. a4 c5 13. dxc5 Nxc5 14. Qc2 Nxd3 15. Qxd3 Rc8 16. Rd1 a6 17. Rac1 Rc7 18. Nd4 Rd7 19. Nce2 Bd6 20. h3 Bb8 21. Nc6 Bxc6 22. Rxc6 Re6 23. Rc2 a5 24. Nd4 Rc7 25. Rxc7 Qxc7 26. Bf4 Qc8 27. Bxb8 Qxb8 28. Nxe6 fxe6 29. Rc1 Kf7 30. Rc6 g6 31. Qc3 1-0

[Event "RUS Summer U16 Girls 2nd"]
[Site "Satka"]
[Date "2005.07.04"]
[Round "7"]
[White "Chernova, Anastasia"]
[Black "Girfanova, Almira"]
[Result "1-0"]
[WhiteElo "2081"]
[BlackElo "1933"]
[PlyCount "67"]
[EventDate "2005.06.27"]
[EventType "swiss"]
[EventRounds "9"]
[EventCountry "RUS"]
[SourceTitle "CBM 107 Extra"]
[Source "ChessBase"]
[SourceDate "2005.09.01"]
[SourceVersion "1"]
[SourceVersionDate "2005.09.01"]
[SourceQuality "1"]

1. Nf3 Nf6 2. d4 e6 3. g3 d5 4. Bg2 b6 5. c4 Bb7 6. Ne5 Nc6 7. Qa4 Qd6 8. Nc3 Qb4 9. Qxb4 Nxb4 10. Kd1 Ne4 11. Nxe4 dxe4 12. a3 Nc6 13. Nxc6 Bxc6 14. Kc2 Rd8 15. Rd1 Be7 16. Bf4 Rd7 17. Bh3 Bf6 18. d5 Bb7 19. dxe6 Re7 20. exf7+ Kxf7 21. Rd2 g5 22. Be3 h5 23. Bd7 c5 24. Rad1 Rg8 25. b4 cxb4 26. axb4 Bc8 27. c5 Bxd7 28. Rxd7 Rc8 29. Kb3 bxc5 30. Bxc5 Rxd7 31. Rxd7+ Ke6 32. Rxa7 Rh8 33. Ra6+ Kf5 34. Rxf6+ 1-0